| 000 | 00573nas a22001937a 4500 | ||
|---|---|---|---|
| 999 |
_c165779 _d165779 |
||
| 001 | dpl | ||
| 005 | 20190629152631.0 | ||
| 008 | 190629b ||||| |||| 00| 0 eng d | ||
| 022 | _a0970-8464 | ||
| 040 | _beng | ||
| 082 | 0 | 4 | _a338.64 |
| 245 | 0 | 0 | _aSEDME |
| 260 |
_aNew Delhi : _bSage Publications _c2019- |
||
| 300 |
_av. : _c24cm. |
||
| 310 | _aQuarterly | ||
| 270 |
_aB1/I-1,Mohan Cooperative Industrial Area,Mathura Road, _bNew Delhi _dIndia _e110044 _mcustomerservicejournals@sagepub.in |
||
| 906 | _cserials | ||
| 942 |
_2ddc _cSR _h338.64 _s1 _mSED |
||